Biggest Cities by Country and Letter Count - Statistics

General Stats
  • This quiz has been taken 52 times
    35 since last reset
  • The average score is 209 of 1120
Answers on the Map
Answers color-coded by a green-red scale on the quiz's map according to % correct below.
 
Answer Stats
Country Category City % Correct
United Kingdom 6L London
78%
Jordan 4L or shorter Ma'an
75%
Ivory Coast 4L or shorter Man
75%
Afghanistan 5L Kabul
72%
Montenegro 4L or shorter Bar
69%
Spain 9L or longer Barcelona
69%
Switzerland 4L or shorter Bern
69%
Sierra Leone 4L or shorter Bo
69%
Spain 6L Madrid
69%
Russia 6L Moscow
69%
United States 9L or longer New York City
69%
Italy 4L or shorter Rome
69%
Japan 5L Tokyo
69%
Andorra 9L or longer Andorra la Vella
66%
South Africa 8L Cape Town
66%
Ireland 4L or shorter Cork
66%
Ireland 6L Dublin
66%
Italy 5L Milan
66%
France 5L Paris
66%
North Korea 9L or longer Pyongyang
66%
South Korea 5L Seoul
66%
Australia 6L Sydney
66%
Estonia 7L Tallinn
66%
Germany 6L Berlin
63%
Romania 9L or longer Bucharest
63%
Hungary 8L Budapest
63%
Egypt 5L Cairo
63%
Denmark 9L or longer Copenhagen
63%
Turkey 8L Istanbul
63%
Jamaica 8L Kingston
63%
Saint Vincent 9L or longer Kingstown
63%
Peru 4L or shorter Lima
63%
Monaco 6L Monaco
63%
Italy 6L Naples
63%
Canada 6L Ottawa
63%
Portugal 5L Porto
63%
Latvia 4L or shorter Riga
63%
Russia 9L or longer Saint Petersburg
63%
San Marino 9L or longer San Marino
63%
Bulgaria 5L Sofia
63%
Sweden 9L or longer Stockholm
63%
Austria 6L Vienna
63%
Switzerland 6L Zurich
63%
Netherlands 9L or longer Amsterdam
59%
Greece 6L Athens
59%
China 7L Beijing
59%
Belgium 8L Brussels
59%
Italy 8L Florence
59%
Sierra Leone 8L Freetown
59%
Germany 7L Hamburg
59%
Ghana 4L or shorter Ho
59%
South Africa 9L or longer Johannesburg
59%
Sudan 4L or shorter Kas
59%
Portugal 6L Lisbon
59%
Luxembourg 9L or longer Luxembourg City
59%
Philippines 6L Manila
59%
Belarus 5L Minsk
59%
Norway 4L or shorter Oslo
59%
Czech Republic 6L Prague
59%
Iceland 9L or longer Reykjavík
59%
Brazil 9L or longer Rio de Janeiro
59%
Liechtenstein 6L Schaan
59%
Albania 6L Tirana
59%
Canada 7L Toronto
59%
Turkey 4L or shorter Van
59%
Lithuania 7L Vilnius
59%
Poland 6L Warsaw
59%
Ghana 5L Accra
56%
Ethiopia 9L or longer Addis Ababa
56%
Egypt 9L or longer Alexandria
56%
Turkey 6L Ankara
56%
Iraq 7L Baghdad
56%
Azerbaijan 4L or shorter Baku
56%
Thailand 7L Bangkok
56%
Serbia 8L Belgrade
56%
Kyrgyzstan 7L Bishkek
56%
Argentina 9L or longer Buenos Aires
56%
Syria 8L Damascus
56%
Tanzania 9L or longer Dar es Salaam
56%
India 5L Delhi
56%
United Kingdom 7L Glasgow
56%
Finland 8L Helsinki
56%
Bhutan 5L Jakar
56%
France 4L or shorter Lyon
56%
Sweden 5L Malmö
56%
Australia 9L or longer Melbourne
56%
Mexico 9L or longer Mexico City
56%
Somalia 9L or longer Mogadishu
56%
Kazakhstan 9L or longer Nur-Sultan
56%
Bosnia and Herzegovina 4L or shorter Pale
56%
Australia 5L Perth
56%
Brazil 8L São Paulo
56%
Taiwan 6L Taipei
56%
Iran 6L Tehran
56%
Lebanon | Libya 7L Tripoli
56%
Armenia 7L Yerevan
56%
Algeria 7L Algiers
53%
New Zealand 8L Auckland
53%
Lebanon 6L Beirut
53%
Colombia 6L Bogotá
53%
Slovakia 9L or longer Bratislava
53%
Republic of the Congo 9L or longer Brazzaville
53%
Morocco 9L or longer Casablanca
53%
United States 7L Chicago
53%
Moldova 8L Chișinău
53%
Sri Lanka 7L Colombo
53%
United States 6L Dallas
53%
Bangladesh 5L Dhaka
53%
Germany 9L or longer Frankfurt
53%
Guyana 9L or longer Georgetown
53%
Guatemala 9L or longer Guatemala City
53%
Vietnam 5L Hanoi
53%
Vietnam 9L or longer Ho Chi Minh City
53%
Israel 9L or longer Jerusalem
53%
Ukraine 4L or shorter Kiev
53%
France 9L or longer Marseille
53%
Saudi Arabia 5L Mecca
53%
India 6L Mumbai
53%
Cyprus 7L Nicosia
53%
Cape Verde 5L Praia
53%
Kosovo 8L Pristina
53%
Ecuador 5L Quito
53%
Saudi Arabia 6L Riyadh
53%
El Salvador 9L or longer San Salvador
53%
Bosnia and Herzegovina 8L Sarajevo
53%
China 8L Shanghai
53%
North Macedonia 6L Skopje
53%
Netherlands 8L The Hague
53%
Liechtenstein 5L Vaduz
53%
Spain | Venezuela 8L Valencia
53%
Canada 9L or longer Vancouver
53%
Vatican City 9L or longer Vatican City
53%
Jordan 5L Amman
50%
Madagascar 9L or longer Antananarivo
50%
Belgium 7L Antwerp
50%
Turkmenistan 8L Ashgabat
50%
Paraguay 8L Asunción
50%
Belize 8L Belmopan
50%
Guinea-Bissau 6L Bissau
50%
Australia 8L Brisbane
50%
Guinea 7L Conakry
50%
Senegal 5L Dakar
50%
Djibouti 8L Djibouti
50%
Qatar 4L or shorter Doha
50%
Qatar 9L or longer Doha Industrial Area
50%
United Arab Emirates 5L Dubai
50%
Morocco 4L or shorter Fes
50%
Indonesia 7L Jakarta
50%
Rwanda 6L Kigali
50%
D. R. Congo 8L Kinshasa
50%
India 7L Kolkata
50%
Malaysia 9L or longer Kuala Lumpur
50%
Nigeria 5L Lagos
50%
United Kingdom 5L Leeds
50%
Gabon 9L or longer Libreville
50%
Slovenia 9L or longer Ljubljana
50%
Angola 6L Luanda
50%
Nicaragua 7L Managua
50%
Bahrain 6L Manama
50%
Uruguay 9L or longer Montevideo
50%
Canada 8L Montreal
50%
Kenya 7L Nairobi
50%
Bahamas 6L Nassau
50%
Panama 9L or longer Panama City
50%
Suriname 9L or longer Paramaribo
50%
Haiti 9L or longer Port-au-Prince
50%
Papua New Guinea 9L or longer Port Moresby
50%
Morocco 5L Rabat
50%
United States 8L San Diego
50%
Belize | Costa Rica 7L San José
50%
Chile 8L Santiago
50%
Cuba 9L or longer Santiago de Cuba
50%
São Tomé and Príncipe 7L São Tomé
50%
Spain 7L Seville
50%
Fiji 4L or shorter Suva
50%
Uzbekistan 8L Tashkent
50%
Honduras 9L or longer Tegucigalpa
50%
Honduras 4L or shorter Tela
50%
Israel 7L Tel Aviv
50%
Greece 9L or longer Thessaloniki
50%
Tunisia 5L Tunis
50%
China 5L Wuhan
50%
Cameroon 7L Yaoundé
50%
Ivory Coast 7L Abidjan
47%
Canada 4L or shorter Alma
47%
Kazakhstan 6L Almaty
47%
Samoa 4L or shorter Apia
47%
Brunei 9L or longer Bandar Seri Begawan
47%
Central African Republic 6L Bangui
47%
Switzerland 5L Basel
47%
Belize 9L or longer Belize City
47%
Norway 6L Bergen
47%
Colombia 4L or shorter Cali
47%
Venezuela 7L Caracas
47%
New Zealand 9L or longer Christchurch
47%
East Timor 4L or shorter Dili
47%
Burkina Faso 5L Djibo
47%
South Africa 6L Durban
47%
Tajikistan 8L Dushanbe
47%
China 9L or longer Guangzhou
47%
Zimbabwe 6L Harare
47%
Cuba 6L Havana
47%
South Sudan 4L or shorter Juba
47%
Pakistan 7L Karachi
47%
Nepal 9L or longer Kathmandu
47%
Sudan 9L or longer Khartoum North
47%
Japan 4L or shorter Kobe
47%
Bolivia 5L La Paz
47%
Malawi 8L Lilongwe
47%
Ireland 8L Limerick
47%
Israel 4L or shorter Lod
47%
Poland 4L or shorter Łódź
47%
Togo 4L or shorter Lomé
47%
Zambia 6L Lusaka
47%
Maldives 4L or shorter Malé
47%
Brazil 6L Manaus
47%
Eswatini 7L Mbabane
47%
Colombia 8L Medellín
47%
Myanmar 9L or longer Naypyidaw
47%
Niger 6L Niamey
47%
Burkina Faso 9L or longer Ouagadougou
47%
Italy 7L Palermo
47%
Mauritius 9L or longer Port Louis
47%
Benin 9L or longer Porto-Novo
47%
Cape Verde 9L or longer Porto Novo
47%
Austria 8L Salzburg
47%
Yemen 5L Sana'a
47%
Japan 7L Sapporo
47%
Singapore 9L or longer Singapore
47%
Georgia 7L Tbilisi
47%
Bhutan 7L Thimphu
47%
France 8L Toulouse
47%
Mongolia 9L or longer Ulaanbaatar
47%
China 4L or shorter Xi'an
47%
Croatia 6L Zagreb
47%
Denmark 6L Aarhus
44%
United Arab Emirates 8L Abu Dhabi
44%
Eritrea 6L Asmara
44%
Mali 6L Bamako
44%
Gambia 6L Banjul
44%
United Kingdom 9L or longer Birmingham
44%
Barbados 9L or longer Bridgetown
44%
Czech Republic 4L or shorter Brno
44%
Tuvalu 8L Funafuti
44%
Nigeria 4L or shorter Kano
44%
Ukraine 7L Kharkiv
44%
Equatorial Guinea 6L Malabo
44%
Liberia 8L Monrovia
44%
Cuba 5L Morón
44%
Mongolia 5L Mörön
44%
Comoros 6L Moroni
44%
Japan 6L Nagoya
44%
France 6L Nantes
44%
Chad 8L N'Djamena
44%
Mauritania 9L or longer Nouakchott
44%
Tonga 9L or longer Nuku'alofa
44%
Montenegro 9L or longer Podgorica
44%
Antigua and Barbuda 9L or longer Saint John's
44%
Dominican Republic 9L or longer Santo Domingo
44%
Croatia 5L Split
44%
Morocco 7L Tangier
44%
Mexico 7L Tijuana
44%
Seychelles 8L Victoria
44%
Namibia 8L Windhoek
44%
Turkey 7L Antalya
41%
India 9L or longer Bangalore
41%
Belgium 6L Bruges
41%
Saint Lucia 8L Castries
41%
Argentina 7L Córdoba
41%
Egypt 4L or shorter Giza
41%
Austria 4L or shorter Graz
41%
Pakistan 6L Lahore
41%
Mozambique 6L Maputo
41%
Lesotho 6L Maseru
41%
Ukraine 6L Odessa
41%
Cambodia 9L or longer Phnom Penh
41%
Vanuatu 8L Port Vila
41%
Laos 9L or longer Vientiane
41%
Poland 7L Wrocław
41%
Ivory Coast 9L or longer Yamoussoukro
41%
Myanmar 6L Yangon
41%
Colombia 9L or longer Barranquilla
38%
Saint Kitts and Nevis 9L or longer Basseterre
38%
Libya 8L Benghazi
38%
Germany 4L or shorter Bonn
38%
Burundi 9L or longer Bujumbura
38%
Bangladesh 9L or longer Chittagong
38%
Cameroon 6L Douala
38%
Botswana 8L Gaborone
38%
Belgium 5L Ghent
38%
Burundi 6L Gitega
38%
Ecuador 9L or longer Guayaquil
38%
Israel 5L Haifa
38%
Uganda 7L Kampala
38%
Russia 5L Kazan
38%
Cyprus 8L Limassol
38%
Serbia 7L Novi Sad
38%
Spain 5L Palma
38%
Bulgaria 7L Plovdiv
38%
Dominica 6L Roseau
38%
Grenada 9L or longer Saint George's
38%
Netherlands 7L Utrecht
38%
Japan 8L Yokohama
38%
Syria 6L Aleppo
34%
Brazil 5L Belém
34%
Philippines 4L or shorter Cebu
34%
Belgium 9L or longer Charleroi
34%
Philippines 5L Davao
34%
Germany 8L Dortmund
34%
Germany 5L Essen
34%
Solomon Islands 7L Honiara
34%
Nigeria 6L Ibadan
34%
South Korea 7L Incheon
34%
Turkey 5L İzmir
34%
Lithuania 6L Kaunas
34%
Slovakia 6L Košice
34%
Switzerland 7L Lucerne
34%
Iraq 5L Mosul
34%
Russia 4L or shorter Omsk
34%
Finland 4L or shorter Oulu
34%
F. S. Micronesia 7L Palikir
34%
Czech Republic 5L Plzeň
34%
Mexico 6L Puebla
34%
India 4L or shorter Pune
34%
Kiribati 9L or longer South Tarawa
34%
Indonesia 8L Surabaya
34%
Finland 7L Tampere
34%
Finland 5L Turku
34%
United Kingdom 4L or shorter York
34%
Denmark 7L Aalborg
31%
Nigeria 9L or longer Benin City
31%
Benin 7L Cotonou
31%
Austria 9L or longer Innsbruck
31%
South Korea 4L or shorter Jeju
31%
United States 4L or shorter Mesa
31%
Serbia 4L or shorter Niš
31%
United States 5L Omaha
31%
Bolivia 9L or longer Santa Cruz
31%
Sweden 7L Uppsala
31%
Chile 9L or longer Valparaíso
31%
China 6L Xiamen
31%
Yemen 4L or shorter Aden
28%
Peru 8L Arequipa
28%
New Zealand 7L Dunedin
28%
Pakistan 9L or longer Faisalabad
28%
Portugal 4L or shorter Faro
28%
Japan 9L or longer Hiroshima
28%
Switzerland 8L Lausanne
28%
Mexico | Nicaragua 4L or shorter León
28%
D. R. Congo 9L or longer Lubumbashi
28%
Marshall Islands 6L Majuro
28%
Myanmar 8L Mandalay
28%
Indonesia 5L Medan
28%
Algeria 4L or shorter Oran
28%
Croatia 4L or shorter Pula
28%
Slovakia 4L or shorter Šaľa
28%
Uzbekistan 9L or longer Samarkand
28%
Tunisia 4L or shorter Sfax
28%
Georgia 6L Batumi
25%
Colombia 5L Bello
25%
Bulgaria 6L Burgas
25%
Latvia 9L or longer Daugavpils
25%
Turkey 9L or longer Gaziantep
25%
Sri Lanka 5L Kandy
25%
Luxembourg 4L or shorter Kayl
25%
Lithuania 8L Klaipėda
25%
Palau 5L Koror
25%
Venezuela 9L or longer Maracaibo
25%
Slovenia 7L Maribor
25%
Malta 5L Mosta
25%
Czech Republic 7L Ostrava
25%
Egypt 8L Port Said
25%
Bulgaria 4L or shorter Ruse
25%
Senegal 9L or longer Saint-Louis
25%
Estonia 5L Tartu
25%
Sweden 8L Västerås
25%
Spain 4L or shorter Vigo
25%
Ireland 9L or longer Waterford
25%
Philippines 7L Angeles
22%
Bosnia and Herzegovina 9L or longer Banja Luka
22%
Romania 6L Brașov
22%
Netherlands 5L Breda
22%
Poland 9L or longer Bydgoszcz
22%
United Kingdom 8L Coventry
22%
Norway 7L Drammen
22%
Somalia 8L Hargeisa
22%
Syria 4L or shorter Homs
22%
Romania 4L or shorter Iași
22%
Bahrain 7L Isa Town
22%
Afghanistan 8L Kandahar
22%
France 7L Le Havre
22%
Iran 7L Mashhad
22%
Sweden 6L Örebro
22%
Kosovo 4L or shorter Peja
22%
Poland 5L Radom
22%
Oman 4L or shorter Seeb
22%
Tunisia 6L Sousse
22%
Norway 9L or longer Stavanger
22%
Bosnia and Herzegovina 5L Tuzla
22%
Russia 8L Voronezh
22%
Tanzania 8L Zanzibar
22%
Yemen 8L Ash-Shihr
19%
Equatorial Guinea 4L or shorter Bata
19%
Vietnam 6L Da Nang
19%
Azerbaijan 5L Ganja
19%
Brazil 7L Goiânia
19%
Finland 9L or longer Jyväskylä
19%
Iraq 6L Kirkuk
19%
Finland 6L Kuopio
19%
Greece 7L Larissa
19%
Latvia 7L Liepāja
19%
Taiwan 9L or longer New Taipei City
19%
Sudan 8L Omdurman
19%
Hungary 4L or shorter Pécs
19%
Kosovo 7L Prizren
19%
Iran 4L or shorter Qom
19%
Argentina 5L Salta
19%
United Arab Emirates 7L Sharjah
19%
Poland 8L Szczecin
19%
Lebanon 4L or shorter Tyre
19%
Albania 5L Vlorë
19%
Angola 8L Benguela
16%
Cameroon 4L or shorter Buéa
16%
Czech Republic 9L or longer České Budějovice
16%
Botswana 9L or longer Francistown
16%
Vietnam 8L Haiphong
16%
Kyrgyzstan 9L or longer Jalal-Abad
16%
Slovenia 5L Kranj
16%
North Macedonia 8L Kumanovo
16%
Ghana 6L Kumasi
16%
Iraq 4L or shorter Kut
16%
Turkmenistan 4L or shorter Mary
16%
Hungary 7L Miskolc
16%
Montenegro 6L Nikšić
16%
Kyrgyzstan 4L or shorter Osh
16%
Pakistan 8L Peshawar
16%
Italy 9L or longer Reggio di Calabria
16%
Ivory Coast 8L San-Pédro
16%
Russia 7L Saratov
16%
Cambodia 8L Siem Reap
16%
Andorra 4L or shorter Vila
16%
Belarus 7L Vitebsk
16%
Ukraine 9L or longer Zaporizhzhia
16%
Bosnia and Herzegovina 6L Zenica
16%
Bahrain 4L or shorter A'ali
13%
Iceland 8L Akureyri
13%
Mozambique 5L Beira
13%
Paraguay 9L or longer Ciudad del Este
13%
Algeria 9L or longer Constantine
13%
Romania 7L Craiova
13%
Ireland 7L Dundalk
13%
Albania 7L Elbasan
13%
Sri Lanka 4L or shorter Ella
13%
Andorra 6L Encamp
13%
D. R. Congo 4L or shorter Goma
13%
Belarus 6L Grodno
13%
North Korea 7L Hamhung
13%
Sri Lanka 6L Jaffna
13%
Croatia 8L Karlovac
13%
Papua New Guinea 4L or shorter Lae
13%
Zambia 9L or longer Livingstone
13%
Sweden 4L or shorter Lund
13%
Belgium 4L or shorter Mons
13%
Ukraine 8L Mykolaiv
13%
Hungary 9L or longer Nyíregyháza
13%
Romania 8L Ploiești
13%
Uruguay 5L Salto
13%
Kazakhstan 8L Shymkent
13%
Malta 9L or longer St. Paul's Bay
13%
Hungary 6L Szeged
13%
Portugal 9L or longer Vila Nova de Gaia
13%
Namibia 9L or longer Walvis Bay
13%
Switzerland 9L or longer Winterthur
13%
Moldova 5L Bălți
9%
Indonesia 6L Bekasi
9%
Central African Republic 5L Bimbo
9%
Montenegro 5L Budva
9%
Zimbabwe 8L Bulawayo
9%
Cuba 8L Camagüey
9%
Panama 5L David
9%
Ethiopia 8L Dire Dawa
9%
San Marino 6L Dogana
9%
Netherlands 4L or shorter Ede
9%
Bolivia 6L El Alto
9%
Albania 4L or shorter Fier
9%
Armenia 6L Gyumri
9%
Greece 8L Ioannina
9%
Peru 7L Iquitos
9%
D. R. Congo 7L Kananga
9%
Bangladesh 6L Khulna
9%
Zambia 5L Kitwe
9%
Serbia 9L or longer Kragujevac
9%
Syria 7L Latakia
9%
Angola 7L Lubango
9%
Afghanistan 9L or longer Mazar-i-Sharif
9%
Guatemala 5L Mixco
9%
Tanzania 6L Mwanza
9%
Sudan 5L Nyala
9%
Kazakhstan 4L or shorter Oral
9%
Lithuania 9L or longer Panevėžys
9%
Cyprus 6L Paphos
9%
Argentina 6L Paraná
9%
Bhutan 4L or shorter Paro
9%
Nepal 7L Pokhara
9%
Slovenia 4L or shorter Ptuj
9%
Ukraine 5L Rivne
9%
Denmark 8L Roskilde
9%
Mexico 8L Saltillo
9%
El Salvador 8L Santa Ana
9%
Romania 5L Sibiu
9%
Lebanon 5L Sidon
9%
Mali 7L Sikasso
9%
Norway 5L Skien
9%
Croatia 9L or longer Slavonski Brod
9%
Jamaica 9L or longer Spanish Town
9%
Bulgaria 9L or longer Stara Zagora
9%
Taiwan 8L Taichung
9%
Slovakia 7L Trenčín
9%
Bolivia 8L Trinidad
9%
Turkmenistan 9L or longer Türkmenabat
9%
Philippines 9L or longer Zamboanga
9%
Ethiopia 5L Adama
6%
Yemen 9L or longer Al Hudaydah
6%
Portugal 7L Amadora
6%
Myanmar 4L or shorter Bago
6%
Jamaica 4L or shorter Bath
6%
East Timor 6L Baucau
6%
Gambia 7L Brikama
6%
Serbia 5L Čačak
6%
Andorra 7L Canillo
6%
Latvia 5L Cēsis
6%
Montenegro 7L Cetinje
6%
Trinidad and Tobago 9L or longer Chaguanas
6%
South Korea 8L Changwon
6%
Zambia 8L Chingola
6%
Ecuador 6L Cuenca
6%
Mongolia 7L Erdenet
6%
Iraq 8L Fallujah
6%
Saint Kitts and Nevis 7L Figtree
6%
Guinea-Bissau 4L or shorter Gabu
6%
Australia 7L Geelong
6%
Ethiopia 6L Gondar
6%
Hungary 5L Gyula
6%
Kuwait 7L Hawally
6%
Cuba 7L Holguín
6%
Malaysia 4L or shorter Ipoh
6%
São Tomé and Príncipe 4L or shorter Java
6%
Sri Lanka 8L Kaduwela
6%
Slovenia 6L Kamnik
6%
Botswana 5L Kanye
6%
Iran 5L Karaj
6%
Eritrea 5L Keren
6%
Iran 9L or longer Kermanshah
6%
Tajikistan 7L Khujand
6%
Estonia 9L or longer Kohtla-Järve
6%
Nepal 8L Lalitpur
6%
Netherlands 6L Leiden
6%
Costa Rica 5L Limón
6%
Lesotho 8L Maputsoe
6%
Tanzania 5L Mbeya
6%
Cape Verde 7L Mindelo
6%
Kosovo 9L or longer Mitrovica
6%
Cuba 4L or shorter Moa
6%
Chad 7L Moundou
6%
Bahrain 8L Muharraq
6%
Malawi 5L Mzuzu
6%
Kenya 6L Nakuru
6%
North Korea 5L Nampo
6%
Slovakia 5L Nitra
6%
Uzbekistan 5L Nukus
6%
Nigeria 7L Onitsha
6%
Suriname 4L or shorter Oost
6%
Dominica 9L or longer Portsmouth
6%
United Arab Emirates 9L or longer Ras Al Khaimah
6%
Iceland 4L or shorter Rif
6%
Bahrain 5L Riffa
6%
Namibia 5L Rundu
6%
Gambia 9L or longer Serekunda
6%
Malta 6L Sliema
6%
Austria 5L Steyr
6%
Indonesia 9L or longer Tangerang
6%
Kazakhstan 5L Taraz
6%
Mozambique 4L or shorter Tete
6%
Norway 8L Tønsberg
6%
Estonia 8L Viljandi
6%
Austria 7L Villach
6%
Greece 5L Volos
6%
Estonia 4L or shorter Võru
6%
North Korea 6L Wonsan
6%
Uzbekistan 7L Andijan
3%
Algeria 6L Annaba
3%
Seychelles 9L or longer Anse Etoile
3%
Trinidad and Tobago 5L Arima
3%
Qatar 8L Ar Rayyan
3%
Djibouti | Greece 4L or shorter Arta
3%
Israel 6L Ashdod
3%
Mauritania 4L or shorter Atar
3%
Belarus 8L Babruysk
3%
Gambia 5L Bakau
3%
Burkina Faso 7L Banfora
3%
Slovakia 8L Bardejov
3%
Philippines 8L Batangas
3%
Oman 7L Bawshar
3%
Somalia 7L Berbera
3%
Kiribati 4L or shorter Beru
3%
Niger 9L or longer Birni-N'Konni
3%
Guinea-Bissau 7L Bissorã
3%
Algeria 5L Blida
3%
Ivory Coast 6L Bouaké
3%
Central African Republic 4L or shorter Bria
3%
Bosnia and Herzegovina 7L Bugojno
3%
D. R. Congo 6L Bukavu
3%
Peru 9L or longer Cajamarca
3%
Paraguay 7L Capiatá
3%
Venezuela 4L or shorter Coro
3%
Mauritius 8L Curepipe
3%
Trinidad and Tobago 4L or shorter Debe
3%
Yemen 6L Dhamar
3%
Sudan 7L El-Obeid
3%
Zimbabwe 7L Epworth
3%
Cape Verde 8L Espargos
3%
Comoros 7L Fomboni
3%
Bahamas 8L Freeport
3%
Liberia 5L Ganta
3%
Mali 4L or shorter Gao
3%
Liberia 7L Gbarnga
3%
Kosovo 6L Gjilan
3%
Albania 9L or longer Gjirokastër
3%
New Zealand 4L or shorter Gore
3%
Georgia 4L or shorter Gori
3%
São Tomé and Príncipe 9L or longer Guadalupe
3%
Uganda 4L or shorter Gulu
3%
Maldives 9L or longer Hulhumalé
3%
Republic of the Congo 8L Impfondo
3%
Costa Rica 4L or shorter Jacó
3%
Guinea 6L Kankan
3%
Bulgaria 8L Kazanlak
3%
Sierra Leone 6L Kenema
3%
Uganda 8L Kira Town
3%
F. S. Micronesia 5L Kitti
3%
Tajikistan 5L Kulab
3%
Guinea 4L or shorter Labé
3%
Dominican Republic 8L La Romana
3%
Suriname 8L Lelydorp
3%
Antigua and Barbuda 7L Liberta
3%
Belarus 4L or shorter Lida
3%
Guyana 6L Linden
3%
Paraguay 5L Luque
3%
South Sudan 7L Malakal
3%
East Timor 7L Maliana
3%
Libya 4L or shorter Marj
3%
Botswana 4L or shorter Maun
3%
Jamaica 6L May Pen
3%
Morocco 6L Meknes
3%
Uruguay 4L or shorter Melo
3%
Somalia 5L Merca
3%
Australia 4L or shorter Moe
3%
Bolivia 7L Montero
3%
South Africa 4L or shorter Nala
3%
Mozambique 7L Nampula
3%
São Tomé and Príncipe 5L Neves
3%
Republic of the Congo 5L Nkayi
3%
Thailand 9L or longer Nonthaburi
3%
Guinea 9L or longer Nzérékoré
3%
Indonesia 4L or shorter Palu
3%
East Timor 9L or longer Pante Macassar
3%
Tonga 4L or shorter Pea
3%
Lesotho 4L or shorter Peka
3%
Luxembourg 7L Pétange
3%
Bhutan 9L or longer Phuntsholing
3%
Peru 5L Piura
3%
Montenegro 8L Pljevlja
3%
Albania 8L Pogradec
3%
Costa Rica 9L or longer Puntarenas
3%
North Macedonia 7L Radoviš
3%
Kenya 5L Ruiru
3%
Jordan 8L Russeifa
3%
Dominican Republic 7L San Luis
3%
Mali 5L Ségou
3%
Ghana 7L Sekondi
3%
Iceland 7L Selfoss
3%
Botswana 6L Serowe
3%
Croatia 7L Sesvete
3%
United Arab Emirates 4L or shorter Sila
3%
Eswatini 6L Siteki
3%
Ethiopia 4L or shorter Sodo
3%
Oman 5L Sohar
3%
Togo 6L Sokodé
3%
Vanuatu 4L or shorter Sola
3%
Gambia 4L or shorter Soma
3%
Panama 4L or shorter Soná
3%
Moldova 6L Soroca
3%
North Macedonia 4L or shorter Štip
3%
Cyprus 9L or longer Strovolos
3%
Iraq 9L or longer Sulaymaniyah
3%
Ghana 8L Takoradi
3%
Mexico 5L Tepic
3%
India 8L Thrissur
3%
Panama 7L Tocumen
3%
Kyrgyzstan 6L Tokmok
3%
Madagascar 7L Toliara
3%
Slovenia 8L Trbovlje
3%
Liechtenstein 7L Triesen
3%
Liechtenstein 9L or longer Triesenberg
3%
São Tomé and Príncipe 8L Trindade
3%
Lithuania 5L Utena
3%
Tonga 5L Vaini
3%
Samoa 7L Vaitele
3%
Latvia 8L Valmiera
3%
Armenia 8L Vanadzor
3%
North Macedonia 5L Veles
3%
F. S. Micronesia 4L or shorter Weno
3%
Papua New Guinea 5L Wewak
3%
South Sudan 6L Yambio
3%
Kiribati 7L Abaiang
0%
Chad 6L Abéché
0%
Nigeria 8L Abeokuta
0%
Benin 6L Abomey
0%
Equatorial Guinea 7L Aconibe
0%
Eritrea 8L Adi Quala
0%
East Timor 5L Aileu
0%
Jordan 9L or longer Ain Al-Basha
0%
Nauru 4L or shorter Aiwo
0%
Kuwait 8L Al Ahmadi
0%
Costa Rica 8L Alajuela
0%
Oman 8L Al Amarat
0%
Mauritius 6L Albion
0%
Oman 9L or longer Al-Buraimi
0%
Qatar 7L Al Hilal
0%
Djibouti 9L or longer Ali Sabieh
0%
Jordan 7L Al-Jizah
0%
Qatar 6L Al Khor
0%
Venezuela 5L Anaco
0%
Nauru 7L Anibare
0%
North Korea 4L or shorter Anju
0%
Madagascar 8L Antalaha
0%
Andorra 5L Anyós
0%
Benin 8L Aplahoué
0%
El Salvador 5L Apopa
0%
Niger 5L Arlit
0%
Marshall Islands 4L or shorter Arno
0%
Trinidad and Tobago 6L Arouca
0%
Panama 8L Arraiján
0%
Uruguay 7L Artigas
0%
Togo 8L Atakpamé
0%
Seychelles 5L Au Cap
0%
Solomon Islands 4L or shorter Auki
0%
South Sudan 5L Aweil
0%
Kuwait 6L Az Zawr
0%
Saint Lucia 9L or longer Babonneau
0%
Cameroon 9L or longer Bafoussam
0%
Kyrgyzstan 8L Balykchy
0%
Central African Republic 7L Bambari
0%
Libya 9L or longer Bani Walid
0%
Belarus 9L or longer Baranavichy
0%
Guyana 7L Bartica
0%
Libya 5L Bayda
0%
Central African Republic 9L or longer Berbérati
0%
Saint Lucia 5L Bexon
0%
Saint Vincent 6L Biabou
0%
Vietnam 7L Bien Hoa
0%
Tunisia 7L Bizerte
0%
Israel 8L Bnei Brak
0%
São Tomé and Príncipe 6L Bombom
0%
Dominican Republic 5L Bonao
0%
Nauru 5L Buada
0%
Chile 4L or shorter Buin
0%
Mongolia 6L Bulgan
0%
Saudi Arabia 8L Buraidah
0%
Nepal 6L Butwal
0%
Guinea-Bissau 9L or longer Canchungo
0%
Ghana 9L or longer Cape Coast
0%
Guinea-Bissau 8L Caravela
0%
Seychelles 7L Cascade
0%
Saint Kitts and Nevis 5L Cayon
0%
Moldova 9L or longer Ceadîr-Lunga
0%
Zambia 7L Chipata
0%
Zimbabwe 9L or longer Chitungwiza
0%
Honduras 7L Choloma
0%
Czech Republic 8L Chomutov
0%
North Korea 8L Chongjin
0%
Burundi 8L Cibitoke
0%
Saint Lucia 7L Ciceron
0%
Nicaragua 9L or longer Ciudad Sandino
0%
Honduras 8L Cofradía
0%
Bahamas 9L or longer Coopers Town
0%
Angola 5L Cuíto
0%
Rwanda 8L Cyangugu
0%
Cyprus 4L or shorter Dali
0%
Ivory Coast 5L Daloa
0%
Nepal 5L Damak
0%
Honduras 5L Danlí
0%
Turkmenistan 7L Daşoguz
0%
Burkina Faso 8L Dédougou
0%
Syria 9L or longer Deir ez-Zor
0%
Eritrea 9L or longer Dekemhare
0%
El Salvador 7L Delgado
0%
Haiti 6L Delmas
0%
Nauru 9L or longer Denigomodu
0%
Vietnam 4L or shorter Dĩ An
0%
Madagascar 4L or shorter Didy
0%
Djibouti 6L Dikhil
0%
Republic of the Congo 7L Dolisie
0%
Syria 5L Douma
0%
Malawi 4L or shorter Dowa
0%
Equatorial Guinea 8L Ebebiyín
0%
Eritrea 4L or shorter Edd
0%
Afghanistan 4L or shorter Eg
0%
Cape Verde 4L or shorter Eito
0%
Benin 4L or shorter Ekpé
0%
Morocco 8L El Jadida
0%
Andorra 8L El Tarter
0%
Equatorial Guinea 9L or longer Evinayong
0%
Egypt 6L Faiyum
0%
San Marino 8L Falciano
0%
Samoa 8L Faleasiu
0%
Guinea-Bissau 5L Farim
0%
Kuwait 9L or longer Farwaniya
0%
Samoa 9L or longer Fasito'o Uta
0%
Chad 9L or longer Faya-Largeau
0%
Bangladesh 4L or shorter Feni
0%
Suriname 5L Flora
0%
Gabon 8L Fougamou
0%
Liberia 4L or shorter Foya
0%
Central African Republic 8L Gamboula
0%
Iceland 6L Garður
0%
Niger 4L or shorter Gaya
0%
Bangladesh 7L Gazipur
0%
Algeria 8L Ghardaïa
0%
Rwanda 7L Gisenyi
0%
Seychelles 6L Glacis
0%
Namibia 7L Gobabis
0%
Haiti 8L Gonaïves
0%
Grenada 7L Gouyave
0%
Argentina 4L or shorter Goya
0%
Dominica 8L Grand Bay
0%
Grenada 8L Grand Roy
0%
Costa Rica 6L Grecia
0%
Mauritania 6L Guerou
0%
Zimbabwe 5L Gweru
0%
Bahrain 9L or longer Hamad Town
0%
Barbados 8L Hastings
0%
Thailand 6L Hat Yai
0%
Jamaica 5L Hayes
0%
Dominican Republic 6L Higüey
0%
Burkina Faso 6L Houndé
0%
Azerbaijan 6L Hövsan
0%
Peru 6L Huacho
0%
Pakistan 4L or shorter Hub
0%
Madagascar 5L Ihosy
0%
Madagascar 6L Ikongo
0%
Chile 7L Iquique
0%
Vanuatu 7L Isangel
0%
Tajikistan 6L Isfara
0%
Tajikistan 9L or longer Istaravshan
0%
Paraguay 4L or shorter Itá
0%
El Salvador 6L Izalco
0%
Guatemala 6L Jalapa
0%
Brunei 8L Jerudong
0%
Pakistan 5L Jhang
0%
Somalia 6L Jowhar
0%
Kenya 4L or shorter Juja
0%
Kosovo 5L Junik
0%
Guatemala 7L Jutiapa
0%
Luxembourg 8L Käerjeng
0%
Tunisia 8L Kairouan
0%
Malaysia 6L Kajang
0%
South Sudan 8L Kajo Keji
0%
Liberia 6L Kakata
0%
Mali 9L or longer Kalabancoro
0%
Myanmar 5L Kalay
0%
Senegal 7L Kaolack
0%
Armenia 5L Kapan
0%
Malawi 7L Karonga
0%
Georgia 5L Kaspi
0%
North Macedonia 9L or longer Kavadarci
0%
Burkina Faso 4L or shorter Kaya
0%
Cambodia 4L or shorter Kep
0%
Guinea 8L Kérouané
0%
Saudi Arabia 9L or longer Khamis Mushait
0%
Georgia 8L Khashuri
0%
Thailand 8L Khon Kaen
0%
Mauritania 5L Kiffa
0%
Solomon Islands 8L Kirakira
0%
Malaysia 5L Klang
0%
Palau 9L or longer Kloulklubed
0%
Namibia 4L or shorter Koës
0%
Denmark 4L or shorter Køge
0%
Sierra Leone 5L Koidu
0%
Cambodia 5L Kokir
0%
Tonga 7L Kolonga
0%
Cameroon 8L Kousséri
0%
Mali 8L Koutiala
0%
Togo 7L Kpalimé
0%
Malaysia 7L Kuching
0%
Cameroon 5L Kumba
0%
Papua New Guinea 8L Kundiawa
0%
Afghanistan 6L Kunduz
0%
Marshall Islands 9L or longer Kwajalein
0%
Suriname 6L Kwatta
0%
Fiji 6L Labasa
0%
Bolivia 4L or shorter Laja
0%
Honduras 6L La Lima
0%
Fiji 7L Lautoka
0%
Saint Vincent 5L Layou
0%
Canada 5L Leduc
0%
Mozambique 8L Lichinga
0%
Haiti 5L Limbé
0%
Paraguay 6L Limpio
0%
Ecuador 4L or shorter Loja
0%
East Timor 8L Lospalos
0%
Vanuatu 9L or longer Luganville
0%
Brunei 5L Lumut
0%
Malta 4L or shorter Luqa
0%
Guyana 8L Lusignan
0%
Somalia 4L or shorter Luuq
0%
Maldives 8L Maafushi
0%
Estonia 6L Maardu
0%
Ecuador 7L Machala
0%
Papua New Guinea 6L Madang
0%
F. S. Micronesia 9L or longer Madolenihmw
0%
Jordan 6L Mafraq
0%
Sierra Leone 9L or longer Magburaka
0%
Sri Lanka 9L or longer Maharagama
0%
Kiribati 6L Maiana
0%
Kiribati 5L Makin
0%
Gabon 7L Makokou
0%
South Sudan 9L or longer Makol Cuei
0%
Samoa 5L Malie
0%
Marshall Islands 8L Maloelap
0%
Guinea 5L Mamou
0%
Dominica 7L Marigot
0%
Nicaragua 6L Masaya
0%
Eritrea 7L Massawa
0%
Eswatini 8L Matsapha
0%
Brazil 4L or shorter Mauá
0%
Afghanistan 7L Maymana
0%
Senegal 6L Mbacké
0%
Equatorial Guinea 5L Mbini
0%
Ethiopia 7L Mekelle
0%
Nauru 6L Meneng
0%
Brunei 7L Mentiri
0%
Luxembourg 6L Mersch
0%
Palau 6L Meyuns
0%
Saint Lucia 6L Micoud
0%
Azerbaijan 9L or longer Mingechevir
0%
Comoros 8L Mirontsi
0%
Niger 7L Mirriah
0%
United Arab Emirates 6L Mleiha
0%
Dominican Republic 4L or shorter Moca
0%
Angola 9L or longer Moçâmedes
0%
Botswana 7L Mochudi
0%
Lesotho 9L or longer Mohale's Hoek
0%
Mauritius 4L or shorter Moka
0%
Chad 5L Mongo
0%
Trinidad and Tobago 7L Morvant
0%
Djibouti 7L Mouloud
0%
Sierra Leone 7L Moyamba
0%
Eswatini 5L Mpaka
0%
Laos 8L Muang Xay
0%
Yemen 7L Mukalla
0%
Uganda 6L Mukono
0%
Solomon Islands 5L Munda
0%
Comoros 9L or longer Mutsamudu
0%
Lebanon 8L Nabatieh
0%
Maldives 7L Naifaru
0%
Kenya 8L Naivasha
0%
Qatar 5L Najma
0%
Laos 6L Nambak
0%
Marshall Islands 7L Namorik
0%
South Korea 9L or longer Namyangju
0%
New Zealand 6L Napier
0%
Ireland 5L Navan
0%
Fiji 5L Navua
0%
Rwanda 5L Ndora
0%
Argentina 8L Necochea
0%
Tonga 6L Neiafu
0%
Bhutan 8L Nganglam
0%
Palau 7L Ngermid
0%
Burundi 5L Ngozi
0%
Eswatini 9L or longer Nhlangano
0%
Benin 5L Nikki
0%
Tuvalu 6L Niutao
0%
Uganda 5L Njeru
0%
Malawi 9L or longer Nkhotakota
0%
Vanuatu 6L Norsup
0%
Togo 5L Notsé
0%
Gabon 5L Ntoum
0%
Tuvalu 4L or shorter Nui
0%
Tuvalu 9L or longer Nukufetau
0%
Tonga 8L Nukunuku
0%
Antigua and Barbuda 5L Obeez
0%
Djibouti 5L Obock
0%
Guatemala 4L or shorter Ocós
0%
Guyana 4L or shorter Ogle
0%
Barbados 7L Oistins
0%
Kenya 9L or longer Ongata Rongai
0%
Kazakhstan 7L Oskemen
0%
Comoros 5L Ouani
0%
Republic of the Congo 6L Ouesso
0%
Gabon 6L Owendo
0%
Gabon 4L or shorter Oyem
0%
Republic of the Congo 4L or shorter Oyo
0%
Kyrgyzstan 5L Özgön
0%
South Africa 5L Paarl
0%
Panama 6L Pacora
0%
Laos 5L Pakse
0%
Guatemala 8L Palencia
0%
Tajikistan 4L or shorter Panj
0%
Suriname 7L Paranam
0%
Myanmar 7L Pathein
0%
Uruguay 8L Paysandú
0%
Venezuela 6L Petare
0%
Antigua and Barbuda 8L Piggotts
0%
Mauritius 5L Piton
0%
Cambodia 6L Poipet
0%
Belize 6L Pomona
0%
Senegal 4L or shorter Pout
0%
Taiwan 4L or shorter Puli
0%
Uzbekistan 6L Qarshi
0%
Mozambique 9L or longer Quelimane
0%
Lesotho 7L Quthing
0%
Uzbekistan 4L or shorter Quva
0%
Bangladesh 8L Rajshahi
0%
Lebanon 9L or longer Ras El Matn
0%
Moldova 7L Rîbnița
0%
Ecuador 8L Riobamba
0%
Portugal 8L Rio Tinto
0%
Nicaragua 5L Rivas
0%
Uruguay 6L Rivera
0%
Senegal 8L Rufisque
0%
Rwanda 9L or longer Ruhengeri
0%
Burundi 7L Rumonge
0%
Zimbabwe 4L or shorter Ruwa
0%
Malawi 6L Salima
0%
Cape Verde 6L Sal Rei
0%
Kuwait 5L Salwa
0%
Bhutan 6L Samtse
0%
Iran 8L Sanandaj
0%
Luxembourg 5L Sanem
0%
Malta 8L San Ġwann
0%
Chad 4L or shorter Sarh
0%
Lithuania 4L or shorter Seda
0%
Mauritania 8L Sélibaby
0%
Sudan 6L Sennar
0%
Laos 4L or shorter Seno
0%
Turkmenistan 6L Serdar
0%
Malaysia 8L Shah Alam
0%
Azerbaijan 7L Shirvan
0%
Tunisia 9L or longer Sidi Hassine
0%
Fiji 8L Sigatoka
0%
Comoros 4L or shorter Sima
0%
Colombia 7L Soledad
0%
Togo 9L or longer Sotouboua
0%
Uganda 9L or longer Ssabagabo
0%
Azerbaijan 8L Sumqayit
0%
Oman 6L Suwayq
0%
Antigua and Barbuda 6L Swetes
0%
Haiti 7L Tabarre
0%
Papua New Guinea 7L Tabubil
0%
F. S. Micronesia 8L Tafunsak
0%
Saudi Arabia 4L or shorter Ta'if
0%
Cambodia 7L Ta Khmau
0%
Chile 5L Talca
0%
Solomon Islands 6L Tandai
0%
Taiwan 7L Taoyuan
0%
New Zealand 5L Taupō
0%
Turkmenistan 5L Tejen
0%
Chile 6L Temuco
0%
Niger 8L Tessaoua
0%
Laos 7L Thakhek
0%
Nicaragua 8L Tipitapa
0%
Thailand 5L Trang
0%
Belize 4L or shorter Trio
0%
Mauritius 7L Triolet
0%
Cyprus 5L Tseri
0%
Georgia 9L or longer Tskhinvali
0%
Namibia 6L Tsumeb
0%
Liberia 9L or longer Tubmanburg
0%
Gambia 8L Tujereng
0%
Latvia 6L Tukums
0%
Trinidad and Tobago 8L Tunapuna
0%
Tanzania 7L Tunduma
0%
Brunei 6L Tutong
0%
Angola 4L or shorter Uíge
0%
Mongolia 8L Ulaangom
0%
Saudi Arabia 7L Unaizah
0%
D. R. Congo 5L Uvira
0%
Armenia 9L or longer Vagharshapat
0%
Tuvalu 7L Vaitupu
0%
Samoa 6L Vaiusu
0%
Fiji 9L or longer Vatukoula
0%
Armenia 4L or shorter Vedi
0%
Denmark 5L Velje
0%
San Marino 7L Ventoso
0%
Iceland 5L Vogar
0%
Serbia 6L Vranje
0%
Nepal 4L or shorter Vyas
0%
Guyana 5L Wales
0%
Bahamas 7L West End
0%
Tanzania 4L or shorter Wete
0%
Grenada 6L Willis
0%
South Africa 7L Witbank
0%
F. S. Micronesia 6L Woleai
0%
Marshall Islands 5L Wotje
0%
Belize 5L Xaibe
0%
Thailand 4L or shorter Yala
0%
Jamaica 7L Yallahs
0%
Taiwan 5L Yilan
0%
South Korea 6L Yongin
0%
Egypt 7L Zagazig
0%
Moldova 4L or shorter Zaim
0%
Libya 6L Zawiya
0%
Mauritania 7L Zouérat
0%
Malta 7L Żurrieq
0%
No matching quizzes found
Score Distribution
Percent of People with Each Score
Percentile by Number Answered
Your Score History
You have not taken this quiz since the last reset